Представление документа в формате RUSMARC

ПолеНазваниеЗначение
  Тип записи a
  Библиографический уровень m
001 Контрольный номер RU\NLR\bibl\1903660
005 Дата корректировки 20201206205005.5
010 Индекс ISBN __
a ISBN 978-5-98187-935-7 (в обл.)
d Цена 230-00
021 № государственной регистрации __
b № документа 2012-31037
b № документа 2302
100 Данные общей обработки __
a Данные общей обработки 19160302d2012||||||| 0rusy0189 ca
101 Язык документа 0_
a Язык текста rus
102 Страна публикации __
a Страна публикации RU|
105 Кодированные данные (монография) __
a Кодированные данные (монография) #|||||||||0zy
200 Заглавие и сведения об ответственности 1_
a Заглавие Просперология
e Сведения, относящиеся к заглавию исторические миниатюры от Иисуса до наших дней
f Первые сведения об ответственности В. Н. Катюхин
b Общее обозначение материала Текст
210 Выходные данные __
a Место издания Санкт-Петербург
c Издательство Нестор-История
d Дата издания 2012
215 Физическое описание __
a Объем 227 с.
d Формат 22 см
300 Общие примечания __
a Общие примечания Книга с автографом автора
300 Общие примечания __
a Общие примечания 1000 экз.
327 Примечание о содержании __
a Примечание о содержании Варогнозия
327 Примечание о содержании __
a Примечание о содержании Лузеры
330 Аннотация __
a Аннотация Исторические очерки об известных личностях.
517 Другие варианты заглавия __
a Другие варианты заглавия Исторические миниатюры от Иисуса до наших дней
517 Другие варианты заглавия __
a Другие варианты заглавия Варогнозия
517 Другие варианты заглавия __
a Другие варианты заглавия Лузеры
606 Тематические рубрики __
a Основная рубрика История
606 Тематические рубрики __
a Основная рубрика Всемирная история
610 Ключевые слова __
a Ключевые слова историческая публицистика
a Ключевые слова исторические личности
a Ключевые слова исторические миниатюры
a Ключевые слова исторические очерки
a Ключевые слова очерки
a Ключевые слова персоналии
a Ключевые слова публицистика
686 Индексы других классификаций __
2 Код системы rubbks
a Классификационный индекс 63.3(0)-8
700 Автор _1
a Фамилия Катюхин
b Имя В. Н.
f Даты 1945-
g Полное личное имя Валерий Николаевич
4 Код отношения 070
801 Источник записи _0
a Страна RU
b Организация Муниципальное бюджетное учреждение культуры "Централизованная библиотечная система" г. Сургут (Центральная городская библиотека им. А. С. Пушкина)
c Дата составления 20160302
g Правила каталогизации КиК/Котельникова
801 Источник записи _1
a Страна RU
b Организация Муниципальное бюджетное учреждение культуры "Централизованная библиотечная система" г. Сургут (Центральная городская библиотека им. А. С. Пушкина)
c Дата составления 20160302
g Правила каталогизации КиК/Котельникова
852 Данные о местонахождении __
j Шифр хранения 63.3(0)-8
i Авторский знак К 29
901 Тип документа __
t Тип документа m
903 Характеристики (МАРС) __
a Дата передачи 20160302
990 Данные о заказе (DOS) __
j Количество экземпляров (DOS) 1
t N записи в КСУ для И/У (DOS) 201603